[Event "36 R.G.Nezhmetdinov Memorial"]
[Site "Kazan, Russia"]
[Date "2014.06.02"]
[Round "3.28"]
[White "Ovchinnikov, Vsevolod"]
[Black "Rodchenkov, Vitaly"]
[Result "1/2-1/2"]
[WhiteElo "2135"]
[BlackElo "2328"]
[PlyCount "94"]
[EventDate "2014.??.??"]

1. d4 d6 2. c4 e5 3. dxe5 dxe5 4. Qxd8+ Kxd8 5. Nc3 Be6 6. b3 Nd7 7. Bb2 c6 8.
g3 Nh6 9. Bh3 Bxh3 10. Nxh3 f6 11. O-O-O Kc7 12. f3 Be7 13. Nf2 Rhd8 14. g4 Nf7
15. Nce4 Nc5 16. h4 Rxd1+ 17. Rxd1 Nxe4 18. Nxe4 h5 19. gxh5 Rh8 20. Rg1 Bf8
21. Ng3 Kd7 22. Kc2 Ke6 23. e4 Bc5 24. Rg2 Nd6 25. Bc1 Kf7 26. Bd2 a5 27. Kd3
b6 28. Be3 Nb7 29. Nf5 Bf8 30. Bxb6 Rxh5 31. Bf2 g6 32. Ne3 Nc5+ 33. Kd2 Ne6
34. Nc2 Bc5 35. Bxc5 Nxc5 36. b4 axb4 37. Nxb4 Rxh4 38. Nxc6 Rh3 39. Ke3 Rh1
40. Rc2 Rb1 41. Na5 f5 42. exf5 gxf5 43. Rd2 f4+ 44. Ke2 Kf6 45. Nc6 Rb6 46.
Na5 e4 47. Nb3 Nxb3 1/2-1/2

[Event "36 R.G.Nezhmetdinov Memorial"]
[Site "Kazan, Russia"]
[Date "2014.06.02"]
[Round "3.29"]
[White "Amirkhanov, Roustem"]
[Black "Chernozemov, Andrew"]
[Result "1/2-1/2"]
[WhiteElo "2311"]
[BlackElo "2114"]
[PlyCount "120"]
[EventDate "2014.??.??"]

1. Nf3 d5 2. c4 e6 3. b3 Nf6 4. Bb2 c5 5. g3 Nc6 6. Bg2 d4 7. O-O e5 8. e3 Be7
9. d3 O-O 10. e4 h6 11. Nbd2 Be6 12. Qe2 Qd7 13. Ne1 Bd8 14. f4 Bg4 15. Bf3 Bh3
16. Bg2 Bg4 17. Bf3 Bh3 18. Bg2 exf4 19. gxf4 Bg4 20. Bf3 Ba5 21. Ng2 Rae8 22.
Bxg4 Nxg4 23. f5 Nf6 24. Nf3 Bc7 25. Qf2 Kh8 26. Qh4 Nb4 27. Nfe1 Bd8 28. Qh3
Nh7 29. Bc1 Nc6 30. Nf4 Nf6 31. Nd5 Nh7 32. Nf3 a6 33. Bd2 a5 34. Kh1 Rg8 35.
Rg1 Nb4 36. Nxb4 axb4 37. a3 bxa3 38. Rxa3 Bc7 39. b4 b6 40. b5 Qc8 41. Qh5
Ref8 42. Qh4 Qb8 43. Raa1 Bd8 44. Qg4 Re8 45. Bf4 Bc7 46. Bxc7 Qxc7 47. Ra6 Rb8
48. Rga1 Nf6 49. Qg3 Qxg3 50. hxg3 Ng4 51. Kg1 g6 52. f6 Rge8 53. Ra7 Kg8 54.
Rc7 Re6 55. e5 Nxe5 56. Nxe5 Rxe5 57. Raa7 Rf8 58. Rc6 Rb8 59. Rcc7 Rf8 60. Rc6
Rb8 1/2-1/2

[Event "36 R.G.Nezhmetdinov Memorial"]
[Site "Kazan, Russia"]
[Date "2014.06.02"]
[Round "3.30"]
[White "Sadykov, Airat F"]
[Black "Morgunov, Anatoly"]
[Result "0-1"]
[WhiteElo "2106"]
[BlackElo "2307"]
[PlyCount "80"]
[EventDate "2014.??.??"]

1. d4 d5 2. c4 c6 3. Nf3 Nf6 4. Nc3 e6 5. Bg5 dxc4 6. e4 b5 7. e5 h6 8. Bh4 g5
9. Nxg5 hxg5 10. Bxg5 Nbd7 11. g3 Qb6 12. exf6 Bb7 13. Bg2 c5 14. Bxb7 Qxb7 15.
O-O O-O-O 16. d5 b4 17. dxe6 Ne5 18. Qxd8+ Kxd8 19. e7+ Bxe7 20. fxe7+ Ke8 21.
f4 Nf3+ 22. Rxf3 Qxf3 23. Rd1 f6 24. Bxf6 bxc3 25. Rd8+ Kf7 26. Rxh8 Qe3+ 27.
Kf1 Kxf6 28. e8=Q Qxe8 29. Rxe8 cxb2 30. Rb8 c3 31. Ke2 c2 32. Rxb2 c1=Q 33.
Rd2 c4 34. Rd6+ Ke7 35. Ra6 c3 36. Rxa7+ Kd6 37. Ra6+ Kc5 38. Ra7 Qd2+ 39. Kf3
Kb6 40. Re7 c2 0-1

[Event "36 R.G.Nezhmetdinov Memorial"]
[Site "Kazan, Russia"]
[Date "2014.06.02"]
[Round "3.31"]
[White "Merkushev, Dmitry"]
[Black "Denisov, Lev"]
[Result "0-1"]
[WhiteElo "2105"]
[BlackElo "2302"]
[PlyCount "62"]
[EventDate "2014.??.??"]

1. d4 Nf6 2. Nf3 g6 3. g3 Bg7 4. Bg2 O-O 5. O-O d6 6. c3 Nbd7 7. Nbd2 e5 8.
dxe5 dxe5 9. Qc2 Qe7 10. e4 b6 11. Re1 Bb7 12. Nb3 a5 13. a4 Rad8 14. Bg5 Qe6
15. Nfd2 h6 16. Be3 Ng4 17. h3 Nxe3 18. Rxe3 h5 19. Bf1 Nf6 20. Kh2 Bh6 21.
Ree1 h4 22. gxh4 Nh5 23. Bg2 Nf4 24. Nf3 Bc8 25. Ng1 Qf6 26. Rad1 Qxh4 27. Nc1
Nxh3 28. Nxh3 Bf4+ 29. Kg1 Bxh3 30. Bxh3 Qxh3 31. f3 Qxf3 0-1

[Event "36 R.G.Nezhmetdinov Memorial"]
[Site "Kazan, Russia"]
[Date "2014.06.02"]
[Round "3.32"]
[White "Askerov, Marat"]
[Black "Amerzianov, Timur"]
[Result "0-1"]
[WhiteElo "2085"]
[BlackElo "2301"]
[PlyCount "79"]
[EventDate "2014.??.??"]

1. d4 Nf6 2. c4 e6 3. Nf3 c5 4. d5 b5 5. dxe6 fxe6 6. cxb5 d5 7. e3 Bd6 8. Be2
Nbd7 9. O-O O-O 10. Nc3 Qc7 11. b3 Bb7 12. Bb2 h6 13. Qc2 e5 14. e4 d4 15. Bc4+
Kh8 16. Nd5 Bxd5 17. exd5 e4 18. Nh4 Bxh2+ 19. Kh1 Bd6 20. Ng6+ Kg8 21. Nxf8
Nxf8 22. b4 Qf7 23. Qd1 Qg6 24. Kg1 Ng4 25. Re1 Nxf2 26. Kxf2 Qg3+ 27. Kg1 Ng6
28. Rxe4 Qh2+ 29. Kf1 Qh1+ 30. Ke2 Qxg2+ 31. Kd3 Qxb2 32. Qc1 Qf2 33. Qe1 Nf4+
34. Rxf4 Qxf4 35. bxc5 Bxc5 36. d6+ Kh8 37. d7 Rf8 38. Rd1 Qf5+ 39. Qe4 Qh3+
40. Ke2 0-1

[Event "36 R.G.Nezhmetdinov Memorial"]
[Site "Kazan, Russia"]
[Date "2014.06.02"]
[Round "3.33"]
[White "Gorozhanin, Mikhail"]
[Black "Zlachevskiy, Leonid"]
[Result "1-0"]
[WhiteElo "2299"]
[BlackElo "2093"]
[PlyCount "51"]
[EventDate "2014.??.??"]

1. Nf3 d6 2. d4 Nf6 3. c4 g6 4. Nc3 Bg7 5. e4 c5 6. Be2 cxd4 7. Nxd4 O-O 8. O-O
a6 9. Be3 e5 10. Nc2 Nc6 11. Qd2 Be6 12. Rfd1 Rc8 13. Qxd6 Qxd6 14. Rxd6 Na5
15. b3 b5 16. Rxa6 bxc4 17. b4 Nb7 18. Rb6 Rc7 19. Rd1 Nd7 20. Nb5 Nxb6 21.
Nxc7 Na4 22. Nxe6 fxe6 23. Bxc4 Nc3 24. Rd7 Nd8 25. f3 Re8 26. b5 1-0

[Event "36 R.G.Nezhmetdinov Memorial"]
[Site "Kazan, Russia"]
[Date "2014.06.02"]
[Round "3.34"]
[White "Kozina, Anastasia"]
[Black "Tokarev, Ilya"]
[Result "1-0"]
[WhiteElo "1886"]
[BlackElo "2295"]
[PlyCount "41"]
[EventDate "2014.??.??"]

1. e4 e6 2. d4 d5 3. Nd2 Nf6 4. e5 Nfd7 5. Bd3 c5 6. c3 cxd4 7. cxd4 Nc6 8. Ne2
f6 9. exf6 Qxf6 10. Nf3 h6 11. O-O Bd6 12. Ng3 O-O 13. Bb1 Rd8 14. Nh5 Qf7 15.
Nh4 Nf8 16. Qg4 e5 17. Bf5 Kh8 18. Bxc8 Raxc8 19. Nf5 Ne6 20. Nhxg7 Nxg7 21.
Nxd6 1-0

[Event "36 R.G.Nezhmetdinov Memorial"]
[Site "Kazan, Russia"]
[Date "2014.06.02"]
[Round "3.35"]
[White "Filipenko, Alexander V"]
[Black "Fedotov, Nikita"]
[Result "1/2-1/2"]
[WhiteElo "2293"]
[BlackElo "2017"]
[PlyCount "80"]
[EventDate "2014.??.??"]

1. d4 Nf6 2. Nf3 g6 3. Bf4 Bg7 4. e3 O-O 5. h3 d5 6. Nbd2 Nbd7 7. c3 b6 8. a4
a5 9. Bb5 Bb7 10. O-O Ne4 11. Qc2 Nd6 12. Bd3 Re8 13. e4 dxe4 14. Nxe4 Nf6 15.
Nxf6+ exf6 16. Nd2 f5 17. Rae1 Qd7 18. f3 Rxe1 19. Rxe1 Re8 20. Rxe8+ Qxe8 21.
Nc4 Nxc4 22. Bxc4 Qd8 23. Qe2 Bf8 24. Qe3 Be7 25. Qe2 Bc6 26. b3 Qd7 27. Bb5
Bxb5 28. Qxb5 Qxb5 29. axb5 Bd6 30. Be3 Kf8 31. c4 Ke8 32. Kf1 Kd7 33. Ke2 Be7
34. Kd3 Ke6 35. Bf4 Kd7 36. Be5 Bb4 37. Bg3 Be7 38. Bh2 Bf8 39. Bg1 Ke6 40. Bh2
Kd7 1/2-1/2

[Event "36 R.G.Nezhmetdinov Memorial"]
[Site "Kazan, Russia"]
[Date "2014.06.02"]
[Round "3.37"]
[White "Kleimenov, Ivan"]
[Black "Turkin, Viktor"]
[Result "0-1"]
[WhiteElo "1526"]
[BlackElo "2285"]
[PlyCount "102"]
[EventDate "2014.??.??"]

1. d4 Nf6 2. Nf3 g6 3. c4 Bg7 4. e3 O-O 5. Bd3 d6 6. O-O Nc6 7. Qe2 e5 8. d5
Nb4 9. e4 Nh5 10. a3 Nxd3 11. Qxd3 h6 12. Nc3 f5 13. Be3 f4 14. Bd2 g5 15. Ne1
Nf6 16. f3 h5 17. Kf2 g4 18. Ke2 Nh7 19. Kd1 Qh4 20. Rh1 Ng5 21. Qf1 gxf3 22.
gxf3 Nh3 23. Kc2 Kh7 24. Ng2 Qf2 25. Qxf2 Nxf2 26. Rhf1 Nh3 27. Rae1 Bf6 28.
Re2 Rg8 29. Be1 a6 30. Bh4 Bh8 31. b4 Bd7 32. Kb3 Rg6 33. Ne1 Rag8 34. Bf2 Bf6
35. a4 Nxf2 36. Rexf2 Bh3 37. Rh1 Bh4 38. Re2 Rg1 39. Rxg1 Rxg1 40. Nd3 Rf1 41.
c5 Rxf3 42. Rd2 Re3 43. a5 Bd7 44. b5 f3 45. c6 Bc8 46. b6 Bd8 47. Nxe5 dxe5
48. d6 cxd6 49. c7 Bh4 50. Rxd6 Be1 51. Ka2 Rxc3 0-1

[Event "36 R.G.Nezhmetdinov Memorial"]
[Site "Kazan, Russia"]
[Date "2014.06.02"]
[Round "3.39"]
[White "Rjanova, Valery"]
[Black "Yuferev, Oleg"]
[Result "0-1"]
[WhiteElo "2131"]
[BlackElo "2250"]
[PlyCount "70"]
[EventDate "2014.??.??"]

1. e4 c5 2. Nf3 a6 3. c4 e6 4. Be2 b6 5. d4 cxd4 6. Nxd4 Bb7 7. f3 Qc7 8. Nc3
Nf6 9. Be3 d6 10. O-O Be7 11. Rc1 O-O 12. Qe1 Nbd7 13. Qf2 Rac8 14. Rfd1 Qb8
15. Kh1 Bd8 16. b3 Bc7 17. Qh4 Ne5 18. Qh3 Ng6 19. Rc2 Rfe8 20. Bg5 Bd8 21. Bc1
Rc5 22. g4 Nd7 23. Bf1 h6 24. Qg3 Bh4 25. Qg1 Bg5 26. Ba3 Rcc8 27. Nde2 d5 28.
Qg3 Qa8 29. exd5 Nf6 30. d6 Bxf3+ 31. Bg2 Nh4 32. Bxf3 Nxf3 33. Nd5 Nh4 34. Bb2
Nxd5 35. Rxd5 Rcd8 0-1

[Event "36 R.G.Nezhmetdinov Memorial"]
[Site "Kazan, Russia"]
[Date "2014.06.02"]
[Round "3.40"]
[White "Igonin, Temur"]
[Black "Fraiman, Dmitry"]
[Result "1-0"]
[WhiteElo "2215"]
[BlackElo "2094"]
[PlyCount "55"]
[EventDate "2014.??.??"]

1. e4 c5 2. Nf3 d6 3. d4 cxd4 4. Nxd4 Nf6 5. Nc3 a6 6. Bg5 e6 7. f4 Qb6 8. Qd3
Qxb2 9. Rb1 Qa3 10. f5 Nc6 11. fxe6 fxe6 12. Nxc6 bxc6 13. Be2 Be7 14. Bh5+ g6
15. e5 Nd5 16. Rb3 Qa5 17. Bxe7 Nxc3 18. O-O Qc5+ 19. Kh1 Kxe7 20. exd6+ Kd8
21. Rxc3 Qxh5 22. Qd4 e5 23. Qb6+ Kd7 24. Qc7+ Ke6 25. Qf7+ Kxd6 26. Rf6+ Be6
27. Rxe6+ Kd5 28. Rexc6+ 1-0

[Event "36 R.G.Nezhmetdinov Memorial"]
[Site "Kazan, Russia"]
[Date "2014.06.02"]
[Round "3.41"]
[White "Zhdanov, Petr"]
[Black "Lomasov, Semen"]
[Result "0-1"]
[WhiteElo "2021"]
[BlackElo "2188"]
[PlyCount "74"]
[EventDate "2014.??.??"]

1. e4 e6 2. d4 d5 3. Nc3 Bb4 4. Nge2 dxe4 5. a3 Bxc3+ 6. Nxc3 Nc6 7. d5 exd5 8.
Qxd5 Be6 9. Qxe4 Nf6 10. Qh4 O-O 11. Bd2 Qd4 12. Qxd4 Nxd4 13. Bd3 Bf5 14. Bxf5
Rfe8+ 15. Kf1 Nxf5 16. Bg5 Ne4 17. Nxe4 Rxe4 18. f3 Rc4 19. c3 h6 20. Bc1 Rd8
21. Kf2 Rc6 22. Re1 g5 23. Re5 Nh4 24. Be3 Ng6 25. Re4 f5 26. Rd4 Re8 27. Re1
Rce6 28. Bd2 Rxe1 29. Bxe1 c5 30. Rd7 Ne5 31. Rd5 c4 32. Kf1 Kf7 33. Bf2 Ke6
34. Rd4 b5 35. Rd2 a6 36. Re2 Kf7 37. b3 cxb3 0-1

[Event "36 R.G.Nezhmetdinov Memorial"]
[Site "Kazan, Russia"]
[Date "2014.06.02"]
[Round "3.42"]
[White "Glukhov, Alexander"]
[Black "Mischeryakov, Alexey"]
[Result "1-0"]
[WhiteElo "2185"]
[BlackElo "1945"]
[PlyCount "97"]
[EventDate "2014.??.??"]

1. d4 Nf6 2. c4 g6 3. Nc3 Bg7 4. e4 d6 5. f4 O-O 6. Nf3 c5 7. dxc5 Qa5 8. Bd3
Qxc5 9. Qe2 Bg4 10. Be3 Qa5 11. O-O Nc6 12. a3 Rfc8 13. Nd5 Nxd5 14. cxd5 Nd4
15. Qf2 Nb3 16. Rab1 Qa4 17. h3 Bxf3 18. gxf3 Bd4 19. Bxd4 Qxd4 20. Qxd4 Nxd4
21. Kf2 Nb3 22. Ke3 Rc7 23. Rg1 Rac8 24. h4 Nc1 25. Bb5 Rc2 26. h5 a6 27. Bf1
Kg7 28. hxg6 hxg6 29. f5 Kf6 30. fxg6 fxg6 31. Rh1 Kg7 32. f4 Nb3 33. Bd3 Rg2
34. Rbg1 Rxg1 35. Rxg1 Rh8 36. Rg3 Rh2 37. e5 dxe5 38. fxe5 Rh6 39. Bc2 Nc5 40.
Kd4 Nd7 41. Rg4 Nf8 42. Be4 Rh2 43. e6 Rxb2 44. Rf4 Nh7 45. Rf7+ Kh6 46. d6 Rb6
47. d7 Ng5 48. Rxe7 Rd6+ 49. Ke5 1-0

[Event "36 R.G.Nezhmetdinov Memorial"]
[Site "Kazan, Russia"]
[Date "2014.06.02"]
[Round "3.43"]
[White "Davydov, Sergey P"]
[Black "Mardakhaev, Semen"]
[Result "1-0"]
[WhiteElo "2252"]
[BlackElo "1917"]
[PlyCount "59"]
[EventDate "2014.??.??"]

1. d4 Nf6 2. c4 e6 3. Nf3 d5 4. Nc3 c6 5. e3 Nbd7 6. a3 dxc4 7. Bxc4 b5 8. Bd3
Bb7 9. O-O Be7 10. e4 Nb6 11. Qe2 a6 12. e5 Nfd5 13. Ne4 Qc7 14. Bg5 Bxg5 15.
Nfxg5 Nf4 16. Qd2 Nxd3 17. Nd6+ Kd7 18. Qxd3 f5 19. Nxe6 Kxe6 20. Qxf5+ Kd5 21.
e6+ Kxd6 22. Qe5+ Ke7 23. Qxc7+ Kxe6 24. Rfe1+ Kf6 25. Qe7+ Kg6 26. Re6+ Kf5
27. Qf7+ Kg5 28. Qxg7+ Kf5 29. Re5+ Kf4 30. Qg5# 1-0

[Event "36 R.G.Nezhmetdinov Memorial"]
[Site "Kazan, Russia"]
[Date "2014.06.02"]
[Round "3.44"]
[White "Bubnov, Kirill"]
[Black "Mamyrbay, Assad"]
[Result "0-1"]
[WhiteElo "1871"]
[BlackElo "2078"]
[PlyCount "70"]
[EventDate "2014.??.??"]

1. d4 Nf6 2. c4 g6 3. Nc3 d5 4. cxd5 Nxd5 5. e4 Nxc3 6. bxc3 Bg7 7. Nf3 c5 8.
Be3 Bg4 9. Bb5+ Nc6 10. Qa4 O-O 11. Bxc6 bxc6 12. O-O cxd4 13. Bxd4 Qc7 14.
Bxg7 Kxg7 15. Qd4+ Kg8 16. Ne5 c5 17. Qe3 Qxe5 18. f4 Qc7 19. f5 Qe5 20. Rae1
Rab8 21. h3 Bh5 22. g4 Rb2 23. Rf2 Rxf2 24. Qxf2 Bxg4 25. hxg4 Qxc3 26. Re3 Qd4
27. Kg2 Rb8 28. Kf3 Rb2 29. Re2 Qxf2+ 30. Kxf2 Rxe2+ 31. Kxe2 h5 32. g5 h4 33.
fxg6 fxg6 34. e5 h3 35. Kf2 c4 0-1

[Event "36 R.G.Nezhmetdinov Memorial"]
[Site "Kazan, Russia"]
[Date "2014.06.02"]
[Round "3.45"]
[White "Ioffe, Dmitry"]
[Black "Kavyev, Ruslan"]
[Result "1-0"]
[WhiteElo "2077"]
[BlackElo "1880"]
[PlyCount "77"]
[EventDate "2014.??.??"]

1. d4 Nf6 2. Nf3 c5 3. d5 d6 4. Nc3 g6 5. e4 Bg7 6. Bb5+ Nbd7 7. a4 O-O 8. O-O
a6 9. Be2 b6 10. Re1 h5 11. Bf4 Ng4 12. Qd2 Bh8 13. h3 Nge5 14. Ng5 Rb8 15. Bg3
b5 16. axb5 axb5 17. Bxb5 Nb6 18. b3 Bg7 19. f4 Ned7 20. e5 h4 21. Bh2 dxe5 22.
fxe5 Bh6 23. Bf4 Ra8 24. Rxa8 Nxa8 25. Ne6 Bxf4 26. Nxf4 Ndb6 27. e6 Kg7 28.
exf7 Rxf7 29. Bd3 Rf6 30. Ne4 Nxd5 31. Nxd5 Qxd5 32. Nxf6 exf6 33. Re7+ Kf8 34.
Re8+ Kg7 35. Rxc8 Qd4+ 36. Kf1 Nb6 37. Rc7+ Nd7 38. Bb5 Qxd2 39. Rxd7+ 1-0

[Event "36 R.G.Nezhmetdinov Memorial"]
[Site "Kazan, Russia"]
[Date "2014.06.02"]
[Round "3.46"]
[White "Sharafutdinov, Marat"]
[Black "Sadykov, Renat"]
[Result "1-0"]
[WhiteElo "1837"]
[BlackElo "2069"]
[PlyCount "143"]
[EventDate "2014.??.??"]

1. d4 d5 2. c4 c6 3. Nc3 Nf6 4. Nf3 e6 5. e3 Nbd7 6. a3 Bd6 7. Qb3 O-O 8. Bd2
b6 9. Rc1 Bb7 10. c5 Bc7 11. Bd3 e5 12. Be2 e4 13. Nh4 Bc8 14. cxb6 axb6 15. g3
Ba6 16. Ng2 Bxe2 17. Nxe2 c5 18. Ngf4 Bxf4 19. Nxf4 c4 20. Qb5 Nb8 21. b3 cxb3
22. Qxb3 g5 23. Ne2 Qd7 24. Qxb6 Ra6 25. Qc7 Qxc7 26. Rxc7 Rxa3 27. O-O Ra2 28.
Rd1 Rd8 29. Nc3 Rb2 30. Be1 Rd6 31. Ra1 Na6 32. Ra7 Rbb6 33. Na4 Rb5 34. Rc1
Kg7 35. h3 h6 36. Kg2 Kg6 37. Rc8 Rb8 38. Rc2 Rb1 39. Ba5 Re6 40. Nc5 Nxc5 41.
dxc5 Rc6 42. Bc3 Rb8 43. Bd4 Ne8 44. Rd7 Nf6 45. Bxf6 Kxf6 46. Rxd5 Ke6 47. Rd4
f5 48. g4 Rbc8 49. gxf5+ Kxf5 50. Rd5+ Ke6 51. Rcd2 Rxc5 52. Rd6+ Kf5 53. Rxh6
R8c6 54. Rxc6 Rxc6 55. Rd5+ Kf6 56. Kg3 Rc1 57. Rd8 Rg1+ 58. Kh2 Rf1 59. Kg2
Rc1 60. Rf8+ Ke5 61. Rh8 Kf5 62. h4 gxh4 63. Rxh4 Rb1 64. Rh5+ Kg4 65. Re5 Rb4
66. Re8 Kf5 67. Rf8+ Ke5 68. Rh8 Rb1 69. Rh5+ Kf6 70. Kg3 Rg1+ 71. Kf4 Kg6 72.
Rh2 1-0

[Event "36 R.G.Nezhmetdinov Memorial"]
[Site "Kazan, Russia"]
[Date "2014.06.02"]
[Round "3.47"]
[White "Matskevich, Ivan"]
[Black "Kitov, Matvey"]
[Result "1-0"]
[WhiteElo "2009"]
[BlackElo "1839"]
[PlyCount "67"]
[EventDate "2014.??.??"]

1. e4 d6 2. d4 g6 3. f4 Nf6 4. Nc3 Bg7 5. Nf3 O-O 6. Bd3 Bg4 7. h3 Bc8 8. Be3
Nbd7 9. Qd2 c5 10. d5 e6 11. dxe6 fxe6 12. Ng5 Nb6 13. Rd1 h6 14. Nf3 Nh5 15.
O-O Ng3 16. Rf2 c4 17. Kh2 cxd3 18. Kxg3 Nc4 19. Qc1 Nxe3 20. Qxe3 dxc2 21.
Rxc2 d5 22. exd5 exd5 23. Nxd5 Kh8 24. Rcc1 g5 25. Kh2 Bd7 26. fxg5 h5 27. Nf6
Qb8+ 28. Kh1 Bc6 29. Ne5 Bxf6 30. Ng6+ Kg8 31. Nxf8 Qxf8 32. Qe6+ Kh7 33. gxf6
Qb8 34. Qf7+ 1-0

[Event "36 R.G.Nezhmetdinov Memorial"]
[Site "Kazan, Russia"]
[Date "2014.06.02"]
[Round "3.48"]
[White "Tukaeva, Adelya"]
[Black "Mingatin, Mars"]
[Result "0-1"]
[WhiteElo "1796"]
[BlackElo "2004"]
[PlyCount "66"]
[EventDate "2014.??.??"]

1. e4 e5 2. Nf3 Nc6 3. d4 exd4 4. Nxd4 Nf6 5. Nc3 Bb4 6. Nxc6 bxc6 7. Bd3 d5 8.
exd5 cxd5 9. O-O O-O 10. Bg5 Be6 11. Ne2 Be7 12. Nd4 Bg4 13. f3 Bd7 14. c3 Qb8
15. Qc2 h6 16. Bh4 Qb6 17. Kh1 c5 18. Nf5 Bd8 19. b3 d4 20. cxd4 Bxf5 21. Bxf5
cxd4 22. Rad1 Nd5 23. Bf2 Ne3 24. Bxe3 dxe3 25. Qe4 Bf6 26. Bd7 Bc3 27. Rd5 Bd2
28. Bb5 Rad8 29. Bd3 g6 30. Re5 Rd4 31. Rb5 Qd6 32. Qe5 Qxe5 33. Rxe5 Rxd3 0-1

[Event "36 R.G.Nezhmetdinov Memorial"]
[Site "Kazan, Russia"]
[Date "2014.06.02"]
[Round "3.49"]
[White "Kavyev, Emil"]
[Black "Bakunin, Damir"]
[Result "0-1"]
[WhiteElo "1771"]
[BlackElo "1992"]
[PlyCount "114"]
[EventDate "2014.??.??"]

1. e4 c5 2. Nf3 e6 3. d4 cxd4 4. Nxd4 Nf6 5. Nc3 Nc6 6. a3 a6 7. Bg5 Qa5 8.
Bxf6 gxf6 9. Nb3 Qc7 10. Qf3 Be7 11. O-O-O b6 12. Qe3 b5 13. f4 Bb7 14. Bd3 Rc8
15. Rhe1 Na5 16. Nxa5 Qxa5 17. Nd5 Bxd5 18. exd5 b4 19. Qd2 Qxd5 20. Bxa6 Qxd2+
21. Rxd2 bxa3 22. Rdd1 axb2+ 23. Kxb2 Rb8+ 24. Kc1 Bb4 25. Re3 Ke7 26. Rb3 d5
27. Kb2 Rhd8 28. Rb1 Bd2 29. g3 d4 30. Bd3 f5 31. Ka2 Ra8+ 32. Kb2 Rdb8 33.
Rxb8 Rxb8+ 34. Ka2 Ra8+ 35. Kb3 Rb8+ 36. Ka2 Rxb1 37. Kxb1 Kf6 38. Bc4 h5 39.
Be2 h4 40. Kb2 Be1 41. gxh4 Bd2 42. h5 Bxf4 43. c3 dxc3+ 44. Kxc3 Bxh2 45. Kd4
Bg1+ 46. Kd3 Kg5 47. Bd1 Bb6 48. Ke2 Kxh5 49. Kf3 e5 50. Be2 Kg5 51. Kg3 f4+
52. Kf3 f5 53. Bb5 e4+ 54. Ke2 f3+ 55. Kf1 e3 56. Ke1 Ba5+ 57. Kf1 e2+ 0-1

[Event "36 R.G.Nezhmetdinov Memorial"]
[Site "Kazan, Russia"]
[Date "2014.06.02"]
[Round "3.50"]
[White "Teimurov, Artur"]
[Black "Zhanazarov, Iskander"]
[Result "1-0"]
[WhiteElo "1934"]
[BlackElo "1764"]
[PlyCount "57"]
[EventDate "2014.??.??"]

1. e4 e5 2. Nf3 Qe7 3. Nc3 c6 4. Bc4 h6 5. O-O Nf6 6. d4 d6 7. dxe5 dxe5 8. b3
Qc7 9. Bb2 Nbd7 10. a4 Be7 11. Nh4 O-O 12. Nf5 Nb6 13. Nxe7+ Qxe7 14. Ba3 c5
15. a5 Nxc4 16. bxc4 Qc7 17. Bb2 Rd8 18. Qe2 Bd7 19. Nd5 Nxd5 20. cxd5 a6 21.
f4 exf4 22. Qd2 f5 23. Rxf4 fxe4 24. Qc3 Bb5 25. Rg4 g5 26. Qh8+ Kf7 27. Qg7+
Ke8 28. Rxe4+ Qe5 29. Rxe5# 1-0

[Event "36 R.G.Nezhmetdinov Memorial"]
[Site "Kazan, Russia"]
[Date "2014.06.02"]
[Round "3.51"]
[White "Galimov, Ildus"]
[Black "Kurninov, Andrei"]
[Result "1/2-1/2"]
[WhiteElo "1926"]
[BlackElo "1708"]
[PlyCount "119"]
[EventDate "2014.??.??"]

1. d4 Nf6 2. Nc3 g6 3. e4 d5 4. e5 Ng4 5. Qf3 Be6 6. Bf4 c5 7. Bb5+ Nc6 8. Nge2
Bg7 9. O-O O-O 10. Bxc6 bxc6 11. h3 cxd4 12. Nxd4 Nxe5 13. Bxe5 Bxe5 14. Nxc6
Qd6 15. Nxe5 Qxe5 16. Rfe1 Qg5 17. h4 Qxh4 18. Nxd5 Rac8 19. Nc3 h5 20. Qe4 Qg5
21. Qe5 Qxe5 22. Rxe5 Rfd8 23. Re2 Rd7 24. Ne4 Bf5 25. f3 Kg7 26. b3 Bxe4 27.
fxe4 Rc3 28. Rf1 Rdc7 29. Rff2 g5 30. Rd2 e6 31. Kf1 g4 32. Ke1 Kg6 33. Kd1 h4
34. Rd8 g3 35. Rfd2 Re3 36. Rg8+ Kf6 37. Rg4 Ke5 38. Rxh4 Rxe4 39. Rxe4+ Kxe4
40. Rd3 Kf4 41. c4 e5 42. Rf3+ Kg4 43. Rf6 e4 44. Ke2 Kg5 45. Rd6 f5 46. Ke3
Re7 47. c5 f4+ 48. Ke2 Kg4 49. Rd4 Kf5 50. Rd5+ Kg4 51. Rd4 Kf5 52. Rd5+ Re5
53. Rxe5+ Kxe5 54. b4 Kd5 55. a3 a5 56. Kf1 axb4 57. axb4 f3 58. gxf3 exf3 59.
Kg1 f2+ 60. Kg2 1/2-1/2

[Event "36 R.G.Nezhmetdinov Memorial"]
[Site "Kazan, Russia"]
[Date "2014.06.02"]
[Round "3.36"]
[White "Sadykov, Ramil"]
[Black "Nizamov, Bulat"]
[Result "1/2-1/2"]
[WhiteElo "2288"]
[BlackElo "2005"]
[PlyCount "84"]
[EventDate "2014.??.??"]

1. e4 c5 2. Nf3 e6 3. Nc3 a6 4. d4 cxd4 5. Nxd4 b5 6. Bd3 d6 7. O-O Nf6 8. a4
b4 9. Na2 Qb6 10. Be3 Qb7 11. c3 bxc3 12. Nxc3 Be7 13. b4 O-O 14. Rb1 Nc6 15.
b5 Nxd4 16. Bxd4 axb5 17. Nxb5 Qd7 18. Rc1 Bd8 19. Na7 e5 20. Bb5 Qe6 21. Bc6
Rb8 22. Be3 Ba6 23. Nb5 Bb6 24. Bxb6 Rxb6 25. Nc7 Qc8 26. Nd5 Nxd5 27. Bxd5 Qd7
28. Re1 Rfb8 29. Re3 Rb2 30. Rf3 Rf8 31. Ra3 Qa7 32. Rf3 g6 33. Qe1 Qd7 34. Qa5
Bb7 35. Qc3 Rb6 36. a5 Rb5 37. a6 Bxd5 38. exd5 Rxd5 39. Rd3 Rxd3 40. Qxd3 Ra8
41. Rd1 Qc6 42. Qxd6 Rxa6 1/2-1/2

[Event "36 R.G.Nezhmetdinov Memorial"]
[Site "Kazan"]
[Date "2014.06.03"]
[Round "4.1"]
[White "Kokarev, Dmitry"]
[Black "Shaposhnikov, Evgeny"]
[Result "1-0"]
[WhiteElo "2628"]
[BlackElo "2550"]
[PlyCount "47"]
[EventDate "2014.??.??"]

1. e4 c5 2. Nf3 e6 3. d4 cxd4 4. Nxd4 a6 5. Bd3 Nf6 6. O-O d6 7. c4 g6 8. Nc3
Bg7 9. Nb3 O-O 10. Be2 Nc6 11. Bf4 Ne5 12. c5 Ne8 13. Be3 f6 14. Qd2 Rf7 15.
Na4 Nd7 16. Rfd1 Bf8 17. Rac1 Rb8 18. Na5 dxc5 19. Nxc5 Ng7 20. Bf4 e5 21. Be3
Bxc5 22. Bxc5 Qe8 23. Ba7 Ra8 24. Nc4 1-0

[Event "36 R.G.Nezhmetdinov Memorial"]
[Site "Kazan"]
[Date "2014.06.03"]
[Round "4.2"]
[White "Gavrilov, Alexei"]
[Black "Savchenko, Boris"]
[Result "1/2-1/2"]
[WhiteElo "2491"]
[BlackElo "2559"]
[PlyCount "151"]
[EventDate "2014.??.??"]

1. e4 e6 2. d4 d5 3. Nd2 c5 4. exd5 exd5 5. Ngf3 Nf6 6. Bb5+ Bd7 7. Bxd7+ Nbxd7
8. O-O Be7 9. dxc5 Nxc5 10. Re1 O-O 11. Nf1 Ne6 12. c3 b5 13. Qe2 Qb6 14. Be3
Bc5 15. a3 a5 16. Bxc5 Nxc5 17. Ne3 g6 18. Rad1 Rfd8 19. h3 b4 20. axb4 axb4
21. c4 dxc4 22. Nxc4 Qe6 23. Qxe6 Nxe6 24. Rxd8+ Rxd8 25. Nfe5 Rd5 26. Ra1 Nd7
27. Ra8+ Kg7 28. Nxd7 Rd1+ 29. Kh2 Rxd7 30. Rb8 Nc5 31. f3 Nd3 32. Kg3 f5 33.
f4 Rd4 34. b3 h5 35. Rb7+ Kh6 36. Ne5 h4+ 37. Kf3 Rxf4+ 38. Ke3 Nc5 39. Kxf4
Nxb7 40. Nd3 Na5 41. Nxb4 Nxb3 42. Nd5 Nc5 43. Nb4 Na4 44. Nd5 Nb2 45. Nb4 Kh5
46. Nc2 Nd1 47. Nd4 Nb2 48. Nf3 Nd3+ 49. Ke3 Nb4 50. Nd4 Nd5+ 51. Kf2 Kg5 52.
Nf3+ Kh5 53. Nd4 Ne7 54. Nf3 g5 55. Ne5 Nd5 56. g3 hxg3+ 57. Kxg3 Nc3 58. Kg2
Kh6 59. Kf3 Ne4 60. Kg2 Kg7 61. Kf3 Kf6 62. Nc6 Nd2+ 63. Kg3 Ne4+ 64. Kf3 Nc5
65. Kg3 Nd3 66. Nd4 Ne5 67. Ne2 Ng6 68. Nd4 Nh4 69. Nc6 Ng6 70. Nd4 Ne7 71. Nf3
Nc6 72. Kg2 Ne5 73. Kg3 Nc6 74. h4 g4 75. Nh2 Ne5 76. Kf4 1/2-1/2